Länder mit Hauptstädte - Statistiken

Allgemein
  • Dieses Quiz wurde 150 mal gespielt
  • Das Durchschnittsergebnis liegt bei 9 aus 20
Answers on the Grid
Answers color-coded by a green-red scale on the quiz's grid according to % correct below.
Schweiz = Zürich
Uruguay = Montevideo
Ecuador = Quito
Türkei = Istanbul
Südafrika = Johannesburg
Vereinigte Arabische Emirate = Dubai
Madagaskar = Antananarivo
Algerien = Algier
Malta = Valleta
Phillipinen = Medellin
Venezuela = Caracas
Indonesie = Jakarta
Thailand = Bangcock
Neuseeland = Wellington
Australien = Sydney
Mongolei = Улаанбаатар
Bangladesch = Dakar
Zypern = Nikosia
Georgien = Tiflis
Marokko = Rabat
Kuba = Havanna
Kenia = Nairobi
St. Kitts & Nevis = Fig Tree
Lettland = Vilnius
Nordkorea = 평양
Kambodscha =Phnom Penh
Haiti = Port-au-Prince
Palästina = Jerusalem
Niger = Niamey
Österreich = Vienna
 
Antwortstatistiken
Antwort % Korrekt
Uruguay = Montevideo
81%
Ecuador = Quito
77%
Algerien = Algier
62%
Malta = Valleta
61%
Indonesie = Jakarta
57%
Madagaskar = Antananarivo
52%
Neuseeland = Wellington
49%
Venezuela = Caracas
48%
Georgien = Tiflis
47%
Marokko = Rabat
46%
Zypern = Nikosia
46%
Kuba = Havanna
41%
Thailand = Bangcock
35%
Kenia = Nairobi
34%
Österreich = Vienna
33%
Haiti = Port-au-Prince
28%
Kambodscha =Phnom Penh
24%
Mongolei = Улаанбаатар
23%
Niger = Niamey
19%
Nordkorea = 평양
15%
Keine übereinstimmenden Quizze gefunden
Verteilung der Resultate
Anzahl Personen mit jedem Resultat
Perzentil nach korrekt beantworteten Fragen
Ihre Resultats-Entwicklung
Sie haben dieses Quiz noch nicht gespielt